| 000 | 01030nam2a2200265 4500 | ||
|---|---|---|---|
| 001 | RU\NLR\bibl\65214 | ||
| 005 | 20250616093018.0 | ||
| 035 | _a(NLR Aleph) 000063604 | ||
| 090 |
_a347732 _c347732 |
||
| 100 | _a19991222d1998 |||y0rusy50 ca | ||
| 101 | 0 | _arus | |
| 102 | _aRU | ||
| 105 | _ay ||||||||| | ||
| 200 | 0 | _aЧ. 3 | |
| 210 |
_d1998 (вып. дан. 1999) _aБ. м. |
||
| 215 | _a161 с. | ||
| 461 | 0 |
_1001RU\NLR\bibl\66689 _12001#$aБиблиографический указатель по социальной работе$vЧ. 3 _9356235 _cБарнаул _d1998 (вып. дан. 1999) _fМ-во труда и социал. развития Рос. Федерации и др. _nАлт. гос. ун-т _tБиблиографический указатель по социальной работе _vЧ. 3 |
|
| 801 | 0 |
_aRU _bNLR _c19991222 _gPSBO |
|
| 801 | 1 |
_aRU _bNLR _c19991222 |
|
| 852 |
_aNLR _jС К-2/7786 |
||
| 942 | _cBOOK | ||
| 980 | _aNB | ||